Statistics for National Pretitles

Click here to take the quiz!

General Stats

  • This quiz has been taken 27 times
  • The average score is 7 of 8

Answer Stats

CountryPretitle% Correct
IndiaRepublic
100%
ChinaPeople's Republic
96%
SpainKingdom
91%
AustraliaCommonwealth
87%
IranIslamic Republic
87%
GermanyFederal Republic
83%
VietnamSocialist Republic
70%
VenezuelaBolivarian Republic
65%

Score Distribution

Percentile by Number Answered

Percent of People with Each Score

Your Score History

You have not taken this quiz